Conveni de col·laboració en matèria de gestió cadastral entre el Centre de Gestió Cadastral i Cooperació Tributària i la Diputació de Barcelona
ISBN:
84-7794-271-4
Descripción Física:
23p. ; 29 cm
Otros Autores:
Centre de Gestió Cadastral i Cooperació Tributària
Materias:
Cadastres de finques
MARC
| LEADER | 00000nam a2200000Ia 4500 | ||
|---|---|---|---|
| 001 | 17638 | ||
| 008 | 160829s1993 xx 000 0 cat d | ||
| 020 | |a 84-7794-271-4 | ||
| 080 | |a FU-41-9 | ||
| 245 | |a Conveni de col·laboració en matèria de gestió cadastral entre el Centre de Gestió Cadastral i Cooperació Tributària i la Diputació de Barcelona | ||
| 250 | |a Ed. no venal | ||
| 260 | |a Barcelona : |b Diputació de Barcelona. Institut d'Edicions, |c 1993 | ||
| 300 | |a 23p. ; |c 29 cm | ||
| 650 | |a Cadastres de finques |9 39161 | ||
| 700 | |a Centre de Gestió Cadastral i Cooperació Tributària |9 39162 | ||
| 710 | 1 | |a Barcelona (Catalunya : Província). |b Diputació |9 52408 | |
| 901 | |a Arxiu | ||
| 942 | |n 1 | ||
| 952 | |0 0 |1 0 |4 0 |6 FU419 |7 1 |9 48840 |a Arxiu |b Arxiu |d 2016-12-01 |l 0 |o FU-41-9 |p 17638 |r 2016-12-01 00:00:00 |w 2016-12-01 |y ARXIU | ||
| 999 | |c 52675 |d 52675 | ||